000 00448nam a2200169Ia 4500
008 151213s9999 xx 000 0 und d
020 _a978-0-521-69860-3
082 _a421.52
_b421.52
100 _aDaniel Jonses
245 _aCambridge English Pronouncing Dictionary
_cDaniel Jonses
260 _aNew York
_bCambridge
_c2006
300 _a7197 p.
650 _aEnglish Crammer
650 _aReference
700 _aDaniel Jonses
999 _c3835
_d3835